LEADER 01512nam a2200337 u 4500 001 000000023571 003 CaOOAMICUS 005 20070226111244.0 008 950608s1966 it u000 u ita u 035 $a10593217 040 $aPUL$bita 041 1 $aita$hger 130 0 $aBiblia.$pN.T.$pAd Colossenses.$lItaliano.$0(OLS)http://pul/title/32738 245 10$aLettera ai Colossesi e Lettera a Filemone. 260 $aRoma :$bCittà Nuova,$c1966. 300 $a161 p. ;$c21 cm 490 1 $aCommenti spirituali del Nuovo Testamento 500 $aIn testa al front.: Franz Mussner [e] Alois Stöger. 500 $a"Titolo originale: Der Brief an die Kolosser, der Brief Philemon". 630 04$aBiblia.$pN.T.$pAd Colossenses$xCommenti.$0(OLS)http://pul/subject/10244 630 04$aBiblia.$pN.T.$pAd Philemonem$xCommenti.$0(OLS)http://pul/subject/9385 700 1 $aMussner, Franz.$0(OLS)http://pul/name/13787 700 1 $aStöger, Alois.$0(OLS)http://pul/name/19842 730 02$aBiblia.$pN.T.$pAd Philemonem.$lItaliano.$0(OLS)http://pul/title/18292 830 0$aCommenti spirituali del Nuovo Testamento.$0(OLS)http://pul/title/32721 850 $aPUL 852 $aPUL$W1$xSL Religione 1$y3$m1(7) L 18$j33063$nBK-PRI$b $qStampati$B33063$CPULBib$Z2$F33063 $H $81 941 1 $a8 961 $aINV: 30538 996 $6245$aLettera ai Colossesi e Lettera a Filemone$9(OLS)http://pul/title/32739 996 $6260$aRoma :$bCittà Nuova$9(OLS)http://pul/publisher/47927 LEADER 01273nam a2200289 u 4500 001 000000076068 003 CaOOAMICUS 005 20070226123153.0 008 031105r19741930gw u000 u ger u 020 $a3787300201 035 $a10974955 040 $aPUL$bita 100 1 $aBrentano, Franz Clemens,$d1838-1917.$0(OLS)http://pul/name/10539 245 10$aWahrheit und Evidenz /$cFranz Brentano ; erkennitstheoretische Abhandlungen und Briefe ausgewählt, erläutert und eingeleitet von Oskar Kraus. 260 $aHamburg :$bMeiner,$c1974. 300 $axxxi, 228 p. ;$c19 cm 490 1 $aPhilosophische Bibliothek ;$vBd. 201 500 $aContiene indici. 650 4$aFenomenologia$xCritica e interpretazione.$0(OLS)http://pul/subject/17511 700 1 $aKraus, Oskar,$d1872-1942.$0(OLS)http://pul/name/40759 830 0$aPhilosophische Bibliothek ;$vBd. 201.$0(OLS)http://pul/title/13177 850 $aPUL 852 $aPUL$W1$xSL Filosofia 1$y2$m86 B 41$j97768$nBK-PRI$b $qStampati$B97768$CPULBib$Z2$F97768 $H92514 $81 941 1 $a8 996 $6020$a3787300201$9(OLS)http://pul/number/99638 996 $6245$aWahrheit und Evidenz$9(OLS)http://pul/title/99783 996 $6260$aHamburg :$bMeiner$9(OLS)http://pul/publisher/48261